Pain du Photo Quiz - Statistiques

Statistiques générales
  • Ce quiz a été pris 62 fois
  • Le résultat moyen est 5 sur 12
Statistiques - réponses
Par images Réponse % Correct
Croissant
100%
Baguette
94%
Brioche
88%
Beignet
76%
Pita
39%
Focaccia
24%
Pain Grille
24%
Pain de Seigle
22%
Biscuit
4%
חַלָּה‎
2%
Pain d'Italie
2%
Pain à la Banane
0%
Aucun quiz correspondant
Distribution des résultats
% des personnes avec chaque résultat
Percentile par nombre de réponses
Votre historique - résultats
Vous n’avez pas pris ce quiz